书目信息 |
| 题名: |
主客体关系学纲要
|
|
| 作者: | 《主客体关系学系列丛书》撰写组 著 | |
| 分册: | ||
| 出版信息: | 北京 人民出版社 1998 |
|
| 页数: | 254页 | |
| 开本: | 20cm | |
| 丛书名: | ||
| 单 册: | ||
| 中图分类: | B017 | |
| 科图分类: | ||
| 主题词: | 立体--关系--客体 | |
| 电子资源: | ||
| ISBN: | 7-01-002899-0 | |
| 000 | 00674nam0 2200193 450 | |
| 001 | 0756339136 | |
| 005 | 20070725084202.89 | |
| 010 | @a7-01-002899-0@dCNY19.50 | |
| 100 | @a20070721d1998 km y0chiy0120 ea | |
| 101 | 0 | @achi |
| 102 | @aCN@b110000 | |
| 200 | 1 | @a主客体关系学纲要@Azhu ke ti guan xi xue gang yao@f《主客体关系学系列丛书》撰写组著@F《zhu ke ti guan xi xue xi lie cong shu》zhuan xie zu zhu |
| 210 | @a北京@c人民出版社@d1998 | |
| 215 | @a254页@d20cm | |
| 606 | 0 | @a立体@x关系@x客体 |
| 690 | @aB017@v3 | |
| 701 | 0 | @a《主客体关系学系列丛书》撰写组@A《zhu ke ti guan xi xue xi lie cong shu》zhuan xie zu@4著 |
| 801 | 0 | @aCN@bPFT@c20070725 |
| 905 | @a10447@dB017@e240 | |
| 主客体关系学纲要/《主客体关系学系列丛书》撰写组著.-北京:人民出版社,1998 |
| 254页;20cm |
| ISBN 7-01-002899-0:CNY19.50 |
| ● |
| 相关链接 |
|
|
|
|
正题名:主客体关系学纲要
索取号:B017/240
 
预约/预借
| 序号 | 登录号 | 条形码 | 馆藏地/架位号 | 状态 | 备注 |
| 1 | 0769359 | 207693593 | 第一样本阅览室/ [索取号:B017/240] | 在馆 |